<?xml version="1.0" encoding="UTF-8"?>
<record
    xmlns:xsi="http://www.w3.org/2001/XMLSchema-instance"
    xsi:schemaLocation="http://www.loc.gov/MARC21/slim http://www.loc.gov/standards/marcxml/schema/MARC21slim.xsd"
    xmlns="http://www.loc.gov/MARC21/slim">

  <leader>01650nam a22003617a 4500</leader>
  <controlfield tag="001">BRCA_9364</controlfield>
  <controlfield tag="003">FranzMayer</controlfield>
  <controlfield tag="005">20231011103658.0</controlfield>
  <controlfield tag="008">231009b        |||||||| |||| 00| 0 eng d</controlfield>
  <datafield tag="020" ind1=" " ind2=" ">
    <subfield code="a">9783822830277</subfield>
  </datafield>
  <datafield tag="040" ind1=" " ind2=" ">
    <subfield code="a">MFM</subfield>
    <subfield code="b">espa&#xF1;ol</subfield>
    <subfield code="c">MFM </subfield>
  </datafield>
  <datafield tag="050" ind1="0" ind2=" ">
    <subfield code="a">NC974.3.A7</subfield>
    <subfield code="b">T37 2006</subfield>
  </datafield>
  <datafield tag="110" ind1="1" ind2=" ">
    <subfield code="4">Responsable</subfield>
    <subfield code="a">Taschen</subfield>
    <subfield code="9">29937</subfield>
  </datafield>
  <datafield tag="240" ind1=" " ind2=" ">
    <subfield code="a">Domus VIII</subfield>
    <subfield code="h">1975-1979</subfield>
    <subfield code="l">Italiano</subfield>
  </datafield>
  <datafield tag="245" ind1="0" ind2=" ">
    <subfield code="a">Domus VIII</subfield>
    <subfield code="b">1975-1979</subfield>
  </datafield>
  <datafield tag="260" ind1=" " ind2=" ">
    <subfield code="a">Italia</subfield>
    <subfield code="b">Taschen</subfield>
    <subfield code="c">2006</subfield>
  </datafield>
  <datafield tag="300" ind1=" " ind2=" ">
    <subfield code="a">580 p</subfield>
    <subfield code="b">Ilustraciones a color</subfield>
    <subfield code="c">32.5 cm</subfield>
  </datafield>
  <datafield tag="440" ind1=" " ind2=" ">
    <subfield code="a">Domus VIII</subfield>
    <subfield code="n">Tomo VIII</subfield>
    <subfield code="p">1975-1979</subfield>
    <subfield code="v">Volu 8</subfield>
    <subfield code="9">29938</subfield>
  </datafield>
  <datafield tag="500" ind1=" " ind2=" ">
    <subfield code="a">Contiene los siguientes vol&#xFA;menes:Domus I. 1928-1939Domus II. 1940-1949Domus III. 1950-1954Domus IV. 1955-1959Domus V. 1960-1964Domus VI. 1965-1969Domus VII. 1970-1974Domus VIII. 1975-1979Domus IX. 1980-1984Domus X. 1985-1989Domus XI. 1990-1994Domus XII. 1995-1999</subfield>
  </datafield>
  <datafield tag="505" ind1=" " ind2=" ">
    <subfield code="a">Texto en: italianoIncluye &#xED;ndice tem&#xE1;ticoIncluye traducciones de textoDirigido a: artistas, historiadores de arte y personas con inter&#xE9;s en el dise&#xF1;o.</subfield>
  </datafield>
  <datafield tag="650" ind1="1" ind2=" ">
    <subfield code="2">Arte</subfield>
    <subfield code="a">Publicaciones art&#xED;sticas</subfield>
    <subfield code="v">Publicaciones de arte</subfield>
    <subfield code="9">29939</subfield>
  </datafield>
  <datafield tag="651" ind1="2" ind2=" ">
    <subfield code="2">Dise&#xF1;o</subfield>
    <subfield code="a">Libros de dise&#xF1;o</subfield>
    <subfield code="v">Publicaciones continuas </subfield>
    <subfield code="9">29940</subfield>
  </datafield>
  <datafield tag="700" ind1="1" ind2=" ">
    <subfield code="4">Ed</subfield>
    <subfield code="a">Berg, Thomas</subfield>
    <subfield code="9">29941</subfield>
  </datafield>
  <datafield tag="700" ind1="1" ind2=" ">
    <subfield code="4">Ed</subfield>
    <subfield code="a">Hausmann, Viktoria</subfield>
    <subfield code="9">29942</subfield>
  </datafield>
  <datafield tag="700" ind1="1" ind2=" ">
    <subfield code="4">Ed</subfield>
    <subfield code="a">Figini, Carmen </subfield>
    <subfield code="9">29943</subfield>
  </datafield>
  <datafield tag="700" ind1="1" ind2=" ">
    <subfield code="4">Prod.</subfield>
    <subfield code="a">Goerhardt, Frank</subfield>
    <subfield code="9">29944</subfield>
  </datafield>
  <datafield tag="700" ind1="1" ind2=" ">
    <subfield code="4">Prod.</subfield>
    <subfield code="a">Wachendorf, Ute</subfield>
    <subfield code="9">29945</subfield>
  </datafield>
  <datafield tag="700" ind1="1" ind2=" ">
    <subfield code="4">Trad</subfield>
    <subfield code="a">Gugliemotti, Luisa</subfield>
    <subfield code="9">29946</subfield>
  </datafield>
  <datafield tag="700" ind1="1" ind2=" ">
    <subfield code="4">Trad.</subfield>
    <subfield code="a">Baker Dick, Bradley</subfield>
    <subfield code="9">29947</subfield>
  </datafield>
  <datafield tag="700" ind1="1" ind2=" ">
    <subfield code="4">Col.</subfield>
    <subfield code="a">Havertz, Yvonne</subfield>
    <subfield code="9">29948</subfield>
  </datafield>
  <datafield tag="700" ind1="1" ind2=" ">
    <subfield code="4">Col.</subfield>
    <subfield code="a">Blankenhagen, Patricia</subfield>
    <subfield code="9">29949</subfield>
  </datafield>
  <datafield tag="942" ind1=" " ind2=" ">
    <subfield code="2">lcc</subfield>
    <subfield code="c">B</subfield>
  </datafield>
  <datafield tag="999" ind1=" " ind2=" ">
    <subfield code="c">11076</subfield>
    <subfield code="d">11076</subfield>
  </datafield>
  <datafield tag="952" ind1=" " ind2=" ">
    <subfield code="0">0</subfield>
    <subfield code="1">0</subfield>
    <subfield code="2">lcc</subfield>
    <subfield code="4">0</subfield>
    <subfield code="7">0</subfield>
    <subfield code="8">FCON</subfield>
    <subfield code="a">BRCA</subfield>
    <subfield code="b">BRCA</subfield>
    <subfield code="d">2023-10-09</subfield>
    <subfield code="l">0</subfield>
    <subfield code="o">NC974.3.A7 T37 2006</subfield>
    <subfield code="p">CONT10232</subfield>
    <subfield code="r">2023-10-09 00:00:00</subfield>
    <subfield code="w">2023-10-09</subfield>
    <subfield code="y">B</subfield>
  </datafield>
</record>
